Smutná Pausstʹ opussteneho Pana Gežjisse při hořkém Vmučenj j autrpnému Wzdychánj a k cwjčenj se w wsselikých ctnostech krestʹanským dussem ...
| Titel: | Smutná Pausstʹ opussteneho Pana Gežjisse při hořkém Vmučenj j autrpnému Wzdychánj a k cwjčenj se w wsselikých ctnostech krestʹanským dussem ... / Leopold Fabritius |
|---|---|
| Verfasser: | |
| Veröffentlicht: | Praha : Kirchnerová |
| Format: | Mehrteiliges Werk |
| Sprache: | Tschechisch |
| Bände: |
alle Bände anzeigen
|
X
alg: 19850714 001A $03004:14-05-08 001B $01999:21-11-16 $t13:45:28.000 001C $03004:14-05-08 $t12:00:23.000 001D $03004:14-05-08 001U $0utf8 001X $00 002@ $0Acr 003@ $0198507143 003O $0612268290 $aOCoLC 007A $0198507143 $aHEB 007T $0Herdhh198507143 010@ $acze 021A $aSmutná Pausstʹ opussteneho Pana Gežjisse při hořkém Vmučenj j autrpnému Wzdychánj a k cwjčenj se w wsselikých ctnostech krestʹanským dussem ... $hLeopold Fabritius 028A $7 $8Fabritius, Leopold [Tnu] $9198506961 033A $pPraha $nKirchnerová lok: 19850714 24 exp: 19850714 24 1 #EPN 201B/01 $014-05-08 $t22:03:29.000 203@/01 $054381775X 208@/01 $a14-05-08 $bdummy 201U/01 $0utf8 lok: 19850714 78 exp: 19850714 78 1 #EPN 201B/01 $019-04-17 $t14:06:30.000 201U/01 $0utf8 203@/01 $0790851989 208@/01 $a12-11-16 $be 220C/01 $aAnmerkung: *ng / *11 244Z/01 $2Trx $8--Trx--Monographie $x01 $9391384546 247C/01 $82080>Marburg/Lahn, Herder-Institut, Forschungsbibliothek, Bibliographieportal $9336309341
| LEADER | 00000cam a22000002ca4500 | ||
|---|---|---|---|
| 001 | 198507143 | ||
| 003 | DE-603 | ||
| 005 | 20161121134528.0 | ||
| 007 | tu | ||
| 008 | 080514s xx |||| | u00||u|cze c | ||
| 035 | |a (DE-599)HEB198507143 | ||
| 035 | |a (OCoLC)612268290 | ||
| 040 | |a DE-603 |b ger |c DE-603 |d DE-603 | ||
| 041 | |a cze | ||
| 100 | 1 | |a Fabritius, Leopold |0 (DE-603)198506961 | |
| 245 | 0 | 0 | |a Smutná Pausstʹ opussteneho Pana Gežjisse při hořkém Vmučenj j autrpnému Wzdychánj a k cwjčenj se w wsselikých ctnostech krestʹanským dussem ... |c Leopold Fabritius |
| 264 | 1 | |a Praha |b Kirchnerová | |
| 924 | 0 | |9 603 |a (DE-603)54381775X |b DE-603 |c HES |d d | |
| 924 | 0 | |9 2080 |a (DE-603)790851989 |b DE-2080 |c HES |d d | |


